Высокочастотный факельный разряд и специфика его электромагнитного поля; Известия вузов. Физика; Т. 32, № 11

Détails bibliographiques
Parent link:Известия вузов. Физика/ Министерство общего и профессионального образования Российской Федерации ; Томский Госуниверситет.— , 1958-
Т. 32, № 11.— 1989.— С. 119-121
Auteur principal: Тихомиров И. А. Иван Арсентьевич
Autres auteurs: Луценко Ю. Ю. Юрий Юрьевич
Langue:russe
Publié: 1989
Sujets:
Format: MixedMaterials Chapitre de livre
KOHA link:https://koha.lib.tpu.ru/cgi-bin/koha/opac-detail.pl?biblionumber=500186

MARC

LEADER 00000naa2a2200000 4500
001 500186
005 20240118095740.0
035 |a (RuTPU)RU\TPU\prd\170215 
090 |a 500186 
100 |a 20130312a1989 k y0rusy50 ca 
101 0 |a rus 
102 |a RU 
200 1 |a Высокочастотный факельный разряд и специфика его электромагнитного поля  |f И. А. Тихомиров, Ю. Ю. Луценко 
320 |a Библиогр.: с. 121 (7 назв.) 
461 0 |0 (RuTPU)RU\TPU\prd\191  |t Известия вузов. Физика  |f Министерство общего и профессионального образования Российской Федерации ; Томский Госуниверситет  |d 1958- 
463 0 |0 (RuTPU)RU\TPU\prd\77058  |t Т. 32, № 11  |v С. 119-121  |d 1989 
610 1 |a труды учёных ТПУ 
700 1 |a Тихомиров  |b И. А.  |c российский физик  |c доктор физико-математических наук, профессор Томского политехнического университета  |f 1921-2010  |g Иван Арсентьевич  |3 (RuTPU)RU\TPU\pers\18334 
701 1 |a Луценко  |b Ю. Ю.  |c физик  |c доцент Томского политехнического университета, доктор физико-математических наук  |f 1962-  |g Юрий Юрьевич  |3 (RuTPU)RU\TPU\pers\26568  |4 070  |9 12257 
801 1 |a RU  |b 63413507  |c 20130312 
942 |c BK